000 00667nam a22002055i 4500
001 164956
003 ES-MaACL
005 20230906213035.0
008 050810s1877 it | |||||||| ||ita d
040 _aCAM
_bspa
_cCAM
100 1 _aSchoemann, Georg Friedrich.
_9132566
245 1 0 _aAntichità greche /
_cdi G.F. Schoemann; traduzione dell'abate professore Rodolfo Pichler.
250 _a2ª ed.
260 _aFirenze :
_bsucessori Le Monnier,
_c1877.
300 _a3 v. (X, 396; 443; 523 p.) ;
_c18 cm.
651 4 _aGrecia-
_xHistoria.
_98777
700 1 _aPichler, Rodolfo.
_9131128
852 _aES-MaACL
_jG-10518-20
_z-- Enc. hol.
999 _c164956
_d164956